000 00635nam a2200241Ia 4500
003 OSt
005 20220918203831.0
006 a|||||r|||| 00| 0
007 ta
008 220917b |||||||| |||| 00| 0 eng d
024 _a109,962
037 _cTextual
040 _aARTS
_cARTS
_beng
041 _2eng
_aeng
082 _aV41:1:N7, K71
100 _aMcaleay Henry
_9109856
245 0 _aModern history of China
260 _c1967
490 _aAsia-Africa series of modern histories ed by Bernard Lewis
650 _aHISTORY
942 _hV41:1:N7, K71
_cTEXL
_2CC
999 _c233312
_d233312